Science Quiz

Random Science or Letter Quiz

Chemical Elements - Two Letters Out! Quiz Stats

 Plays Quiz Updated Nov 30, 2017

Challenge
Share
Tweet
Embed
Score 0/14 Timer 04:00
2 Plays Today
Hint Answer % Correct
NicholNickel
94.3%
CobainCobalt
89.5%
ZenaZinc
87.8%
SilvioSilver
87.4%
CorbynCarbon
85.8%
HooperCopper
85.3%
BojanBoron
79.7%
Hint Answer % Correct
FrancineFrancium
76%
ManonXenon
69.2%
ArminArgon
68.4%
OsmineOsmium
61.7%
MariusBarium
56.9%
JolineIodine
36.6%
CassiusHassium
35.8%

You're not logged in!

Compare scores with friends on all Sporcle quizzes.
OR
Log In

You Might Also Like...

Show Comments

Extras

Top Quizzes Today


Score Distribution

Your Account Isn't Verified!

In order to create a playlist on Sporcle, you need to verify the email address you used during registration. Go to your Sporcle Settings to finish the process.

Report this User

Report this user for behavior that violates our Community Guidelines.

Details: